|
|
|
|
| LEADER |
00000cam a2200000 7i4500 |
| 001 |
0000006973 |
| 002 |
000007509 |
| 005 |
20040107.0 |
| 020 |
|
|
|a 9838271012
|
| 090 |
0 |
0 |
|a 920
|b HAR
|
| 100 |
0 |
|
|a Haris Fadillah
|
| 245 |
1 |
0 |
|a Tun Abdul Razak :
|b arkitek pembangunan Malaysia
|c Haris Fadillah
|
| 260 |
|
|
|a Kuala Lumpur :
|b Pustaka Bakti Wira ,
|c 1996
|
| 300 |
|
|
|a 42p. :
|b ill. ;
|c 21cm.
|
| 490 |
0 |
|
|a Siri tokoh-tokoh negara
|
| 500 |
|
|
|a Koleksi Perdana Menteri Malaysia Aras 3
|
| 650 |
0 |
0 |
|a Abdul Razak bin Dato' Hussein
|x Prime Ministers
|z Malaysia
|x Biography
|
| 999 |
|
|
|a 053399
|b BUKU
|c MALAYSIANA
|e PERPUSTAKAAN KOMUNITI PETALING JAYA
|
| 999 |
|
|
|a 053400
|b BUKU
|c MALAYSIANA
|e PERPUSTAKAAN KOMUNITI PETALING JAYA
|
| 999 |
|
|
|a 053401
|b BUKU
|c MALAYSIANA
|e PERPUSTAKAAN KOMUNITI PETALING JAYA
|
| 999 |
|
|
|a 054620
|b BUKU
|c JUNIOR BOOKS
|e PERPUSTAKAAN KOMUNITI CAW KOTA DAMANSARA
|
| 999 |
|
|
|a 054621
|b BUKU
|c JUNIOR BOOKS
|e PERPUSTAKAAN KOMUNITI CAW KOTA DAMANSARA
|
| 999 |
|
|
|a 085626
|b BUKU
|c PINJAMAN
|e PERPUSTAKAAN KOMUNITI PETALING JAYA
|
| 999 |
|
|
|a 144204
|b BUKU
|c MALAYSIANA
|e PERPUSTAKAAN KOMUNITI PETALING JAYA
|